Tennis - Les défaites de Jannick Sinner sur le circuit ATP - Statistiques

Statistiques générales
  • Ce quiz a été pris 302 fois
    242 depuis la dernière actualisation
  • Le résultat moyen est 54 sur 88
Statistiques - réponses
Année Tournoi Catégorie Stade de la compétition Adversaire % Correct
2025 Roland Garros Grand Chelem Finale Carlos Alcaraz
100%
2025 Rome ATP 1000 Finale Carlos Alcaraz
100%
2024 Pékin ATP 500 Finale Carlos Alcaraz
100%
2024 Roland Garros Grand Chelem Demi-Finale Carlos Alcaraz
100%
2024 Indian Wells ATP 1000 Demi-Finale Carlos Alcaraz
100%
2023 Indian Wells ATP 1000 Demi-Finale Carlos Alcaraz
100%
2022 Us Open Grand Chelem Quart de finale Carlos Alcaraz
100%
2021 Paris Bercy ATP 1000 2ème tour Carlos Alcaraz
100%
2023 ATP Finals ATP Finals Finale Novak Djokovic
98%
2023 Wimbledon Grand Chelem Demi-Finale Novak Djokovic
98%
2022 Wimbledon Grand Chelem Quart de finale Novak Djokovic
98%
2021 Monte Carlo ATP 1000 2ème tour Novak Djokovic
98%
2024 Wimbledon Grand Chelem Quart de finale Daniil Medvedev
97%
2023 Miami ATP 1000 Finale Daniil Medvedev
97%
2023 Rotterdam ATP 500 Finale Daniil Medvedev
97%
2022 Vienne ATP 500 Quart de finale Daniil Medvedev
97%
2021 ATP Finals ATP Finals Phase de poules Daniil Medvedev
97%
2021 Marseille ATP 250 Quart de finale Daniil Medvedev
97%
2020 Marseille ATP 250 2ème tour Daniil Medvedev
97%
2025 Halle ATP 500 Huitièmes de finale Alexander Bublik
95%
2023 Halle ATP 500 Quart de finale Alexander Bublik
95%
2023 Us Open Grand Chelem Huitièmes de finale Alexander Zverev
92%
2022 Monte Carlo ATP 1000 Quart de finale Alexander Zverev
92%
2021 Us Open Grand Chelem Huitièmes de finale Alexander Zverev
92%
2020 Cologne ATP 250 Demi-finale Alexander Zverev
92%
2021 Roland Garros Grand Chelem Huitièmes de finale Rafael Nadal
92%
2021 Rome ATP 1000 2ème tour Rafael Nadal
92%
2020 Roland Garros Grand Chelem Quart de finale Rafael Nadal
92%
2024 Monte Carlo ATP 1000 Demi-Finale Stefanos Tsitsipas
89%
2023 Open d'Australie Grand Chelem Huitièmes de finale Stefanos Tsitsipas
89%
2022 Rome ATP 1000 Quart de finale Stefanos Tsitsipas
89%
2022 Open d'Australie Grand Chelem Quart de finale Stefanos Tsitsipas
89%
2021 Barcelone ATP 500 Demi-finale Stefanos Tsitsipas
89%
2019 Rome ATP 1000 2ème tour Stefanos Tsitsipas
89%
2024 Toronto ATP 1000 Quart de finale Andrey Rublev
85%
2022 Roland Garros Grand Chelem Huitièmes de finale Andrey Rublev
85%
2020 Vienne ATP 500 2ème tour Andrey Rublev
85%
2024 Madrid ATP 1000 Quart de finale Felix Auger-Aliassime
75%
2022 Cincinnati ATP 1000 3ème tour Felix Auger-Aliassime
75%
2022 Madrid ATP 1000 3ème tour Felix Auger-Aliassime
75%
2023 Monte Carlo ATP 1000 Demi-Finale Holger Rune
75%
2022 Sofia ATP 250 Demi-Finale Holger Rune
75%
2021 Indian Wells ATP 1000 Huitièmes de finale Taylor Fritz
74%
2023 Shanghai ATP 1000 Huitièmes de finale Ben Shelton
70%
2019 Vienne ATP 500 2ème tour Gaël Monfils
69%
2022 Eastbourne ATP 250 2ème tour Tommy Paul
59%
2019 ATP Next Gen ATP Next Gen Phase de poules Ugo Humbert
59%
2023 Marseille ATP 250 2ème tour Arthur Fils
57%
2023 Barcelone ATP 500 Quart de finale Lorenzo Musetti
57%
2021 Stockholm ATP 250 2ème tour Andy Murray
56%
2021 Vienne ATP 500 Demi-finale Frances Tiafoe
56%
2023 Paris Bercy ATP 1000 3ème tour Alex De Minaur
54%
2021 Queen's ATP 500 1er tour Jack Draper
54%
2019 Anvers ATP 250 Demi-finale Stanislas Wawrinka
54%
2019 Us Open Grand Chelem 1er tour Stanislas Wawrinka
54%
2020 Rome ATP 1000 3ème tour Grigor Dimitrov
51%
2023 Roland Garros Grand Chelem 2ème tour Daniel Altmaier
48%
2021 Open d'Australie Grand Chelem 1er tour Denis Shapovalov
44%
2022 Dubaï ATP 500 Quart de finale Hubert Hurkacz
43%
2021 Miami ATP 1000 Finale Hubert Hurkacz
43%
2023 Rome ATP 1000 Huitièmes de finale Fransisco Cerundolo
39%
2022 Miami ATP 1000 Quart de finale Fransisco Cerundolo
39%
2020 Us Open Grand Chelem 1er tour Karen Khachanov
39%
2022 Indian Wells ATP 1000 Huitièmes de finale Nick Kyrgios
38%
2023 Adélaide ATP 250 Quart de finale Sebastian Korda
36%
2022 Toronto ATP 1000 3ème tour Pablo Carreno Busta
30%
2020 Rotterdam ATP 500 Quart de finale Pablo Carreno-Busta
30%
2021 Madrid ATP 1000 2ème tour Alexei Popyrin
26%
2019 's-Hertogenbosch ATP 250 1er tour Nicolas Jarry
26%
2021 Lyon ATP 250 2ème tour Arthur Rinderknech
25%
2023 Cincinnati ATP 1000 2ème tour Dusan Lajovic
25%
2021 Cincinnati ATP 1000 2ème tour John Isner
25%
2020 Montpellier ATP 250 1er tour Mikael Ymer
25%
2020 Kitzbhuel ATP 250 2ème tour Laslo Djere
18%
2019 Budapest ATP 250 2ème tour Laslo Djere
18%
2021 Dubaï ATP 500 Quart de finale Aslan Karatsev
16%
2020 Auckland ATP 250 1er tour Benoît Paire
15%
2021 Montpellier ATP 250 1er tour Aljaz Bedene
11%
2019 Umag ATP 250 2ème tour Aljaz Bedene
11%
2021 Atlanta ATP 250 2ème tour Christopher O'connell
11%
2021 Wimbledon Grand Chelem 1er tour Marton Fucsovics
11%
2020 Open d'Australie Grand Chelem 2ème tour Marton Fucsovics
11%
2019 Lyon ATP 250 1er tour Tristan Lamasine
11%
2022 Paris Bercy ATP 1000 1er tour Marc-Andrea Huesler
10%
2023 's-Hertogenbosch ATP 250 Quart de finale Emil Rusuuvuori
8%
Vienne Saint Pétersbourg ATP 250 1er tour Mikhail Kukushkin
8%
2020 Indian Wells ATP 1000 2ème tour Denis Kudla
5%
2021 Toronto ATP 1000 1er tour James Duckworth
5%
Aucun quiz correspondant
Distribution des résultats
% des personnes avec chaque résultat
Percentile par nombre de réponses
Votre historique - résultats
Vous n’avez pas pris ce quiz depuis la dernière actualisation